|
|
|
|
| LEADER |
01840nam a2200385 a 4500 |
| 001 |
26290 |
| 008 |
121203s2009 dcua b 001 0 eng d |
| 999 |
|
|
|c 12976
|d 12976
|
| 010 |
|
|
|a 2008030964
|
| 020 |
|
|
|a 9781555814434 (set : pbk.)
|
| 020 |
|
|
|a 1555814433 (set : pbk.)
|
| 020 |
|
|
|a 9781555814809 (v. 2 : pbk.)
|
| 020 |
|
|
|a 1555814808 (v. 2 : pbk.)
|
| 040 |
|
|
|a DNLM/DLC
|c DLC
|d NLM
|d C#P
|d BWX
|d YDXCP
|d CDX
|d DLC
|d BD-DhAAL
|
| 082 |
0 |
0 |
|a 579.2
|2 22
|
| 245 |
0 |
0 |
|a Principles of virology,
|n Volume II,
|p Pathogenesis and control /
|c S.J. Flint ... [et al.].
|
| 250 |
|
|
|a 3rd ed.
|
| 260 |
|
|
|a Washington, DC :
|b ASM Press,
|c c2009.
|
| 300 |
|
|
|a xx, 419 p. :
|b ill. (chiefly col.) ;
|c 28 cm.
|
| 504 |
|
|
|a Includes bibliographical references and indexes.
|
| 505 |
0 |
|
|a v. 1. Molecular biology -- v. 2. Pathogenesis and control.
|
| 541 |
|
|
|e 00026290
|
| 650 |
|
0 |
|a Virology.
|9 44927
|
| 650 |
1 |
2 |
|a Viruses.
|9 44928
|
| 650 |
2 |
2 |
|a Genetics, Microbial.
|9 44929
|
| 650 |
2 |
2 |
|a Molecular Biology.
|9 44930
|
| 650 |
2 |
2 |
|a Virology
|x methods.
|9 44931
|
| 650 |
2 |
2 |
|a Pharmacy.
|9 44932
|
| 700 |
1 |
|
|a Flint, S. Jane.
|9 44933
|
| 710 |
2 |
|
|a American Society for Microbiology.
|9 44934
|
| 852 |
1 |
|
|a Ayesha Abed Library
|c General Stacks
|
| 942 |
|
|
|2 ddc
|c BK
|
| 952 |
|
|
|0 0
|1 0
|4 0
|6 579_200000000000000_PRI
|7 0
|9 21478
|a BRACUL
|b BRACUL
|c GEN
|d 2012-12-03
|e Karim International
|g 380.00
|l 14
|m 79
|o 579.2 PRI
|p 3010026290
|q 2026-05-19
|r 2025-11-22
|s 2025-11-22
|t 1
|w 2012-12-03
|y BK
|
| 952 |
|
|
|0 0
|1 0
|4 0
|6 579_200000000000000_PRI
|7 0
|9 21479
|a BRACUL
|b BRACUL
|c GEN
|d 2012-12-03
|e Karim International
|g 380.00
|l 19
|m 141
|o 579.2 PRI
|p 3010026291
|q 2026-05-20
|r 2026-01-20
|s 2026-01-20
|t 2
|w 2012-12-03
|y BK
|
| 952 |
|
|
|0 0
|1 0
|4 0
|6 579_200000000000000_PRI
|7 0
|9 21480
|a BRACUL
|b BRACUL
|c GEN
|d 2012-12-03
|e Karim International
|g 380.00
|l 14
|m 63
|o 579.2 PRI
|p 3010026292
|r 2026-04-09
|s 2026-02-19
|t 3
|w 2012-12-03
|y BK
|